00590nam a2200193Ia 4500008004100000020001300041082001600054100002500070245002600095250000800121260003500129300002800164500001900192600002700211650001500238942000700253952012100260999001500381240925s9999 xx 000 0 und d a70398674 a621.381 MAL aMalvino, Albert Paul 0aElectronic Principles a2nd aNew York:bMcGraw-Hillc,1973. axiv,556p.bNAfOriginal aIncludes Index aElectronic Engineering aTechnology cBK 001040708ELaUITUbUITUd1997-11-18eUIT Fruit Canadal0o621.381 MALpQ1175r2024-09-25 07:12:20w2024-09-25yBK c3674d3674